| 000 | 00360nam a2200145Ia 4500 | ||
|---|---|---|---|
| 008 | 150201s1995 xx 000 0 und d | ||
| 082 |
_a617.632 _bC1995S |
||
| 100 | _aSCHWARTZ,MURRAY | ||
| 245 | _aCLINICAL GUIDE TO PERIODONTICS | ||
| 250 | _a1ST | ||
| 260 |
_bSAUNDERS _aPHILADELPHIA _c1995 |
||
| 300 | _a1-214 | ||
| 650 | _aPERIODONTICS | ||
| 942 |
_2ddc _cBK _01 |
||
| 999 |
_c3841 _d3841 |
||